| 000 | 00569nam a2200145 a 4500 | ||
|---|---|---|---|
| 001 | 000033595 | ||
| 005 | 20200930070355.0 | ||
| 008 | 110901s1878 cu 000 0 spa d | ||
| 040 |
_aDO-SdBNP _bspa _cBNPHU |
||
| 082 |
_axxx _bL864i |
||
| 100 | 1 |
_aLópez Prieto, Antonio _959085 |
|
| 245 | 1 | 0 |
_aInforme que sobre los restos de Colón, presenta al Excmo, Sr. Gobernador General D. Joaquín Jovellar y Soler despues de su viaje a Santo Domingo / _cAntonio López Prieto. |
| 260 |
_aLa Habana : _bImprenta del Gobierno y Capitania General, _c1878. |
||
| 300 |
_a83 p. ; _c24 cm. |
||
| 999 |
_c33086 _d33086 |
||